The Flag Conveyor - Statistics

General Stats
  • This quiz has been taken 18 times
  • The average score is 22 of 22
Answers on the Map
Answers color-coded by a green-red scale on the quiz's map according to % correct below.
 
Answer Stats
Answer % Correct
Belgium
100%
Belgium
100%
Finland
100%
Finland
100%
France
100%
France
100%
Germany
100%
Germany
100%
Indonesia
100%
Indonesia
100%
Italy
100%
Italy
100%
Japan
100%
Japan
100%
Sweden
100%
Sweden
100%
Ukraine
100%
Ukraine
100%
Austria
94%
Austria
94%
Palau
89%
Palau
89%
No matching quizzes found
Score Distribution
Percent of People with Each Score
Percentile by Number Answered
Your Score History
You have not taken this quiz